Đánh giá các yếu tố ảnh hưởng và giải pháp tăng cường sự tham gia của cộng đồng trong phát triển cơ sở hạ tầng đường giao thông nông thôn tỉnh Đồng Nai

Bewaard in:
Bibliografische gegevens
Hoofdauteur: Nguyễn, Xuân Quyết
Andere auteurs: Đinh, Tuần Hải
Formaat: Boek
Taal:Undetermined
Onderwerpen:
Online toegang:http://lrc.tdmu.edu.vn/opac/search/detail.asp?aID=2&ID=35246
Tags: Voeg label toe
Geen labels, Wees de eerste die dit record labelt!
Thư viện lưu trữ: Trung tâm Học liệu Trường Đại học Thủ Dầu Một
LEADER 00879nam a2200157Ia 4500
001 TDMU_35246
008 210410s9999 xx 000 0 und d
082 |a 808.0663 
100 |a Nguyễn, Xuân Quyết 
245 0 |a Đánh giá các yếu tố ảnh hưởng và giải pháp tăng cường sự tham gia của cộng đồng trong phát triển cơ sở hạ tầng đường giao thông nông thôn tỉnh Đồng Nai 
245 0 |c Nguyễn Xuân Quyết, Đinh Tuần Hải 
300 |a Tr.37-46 
650 |a Chính trị - Xã hội; Cộng đồng; Giao thông nông thôn; Cơ sở hạ tầng; Sự tham gia; Đồng Nai 
700 |a Đinh, Tuần Hải 
856 |u http://lrc.tdmu.edu.vn/opac/search/detail.asp?aID=2&ID=35246 
980 |a Trung tâm Học liệu Trường Đại học Thủ Dầu Một